000 00428nam a2200145Ia 4500
008 220214s9999 xx 000 0 und d
022 _a0301-0554
245 0 _aMALAYSIAN JOURNAL OF TROPICAL GEOGRAPHY
247 _aJournal of Tropical Geography
260 _bUniversity of Malaya, Kuala Lumpur
_aMalaysia
310 _aHY
500 _aEnding Volume & Year: 11, 1985
500 _aStarting Volume & Year: 1, 1980
942 _cBJ
999 _c9821
_d9821